000 00498nam a22001577a 4500
005 20230419105029.0
040 _curs
050 _aHD 9696.8 A2 C93 1996
245 _aCyberstocks
_ban investor's guide to internet companies
_cedited by Alan Chai
260 _aAustin, Texas
_bHoover's Business Press
_c1996
336 _2rdacontent
_atext
_btxt
337 _2rdamedia
_aunmediated
_bn
338 _2rdacarrier
_avolume
_bnc
650 0 _94368
_aInternet industry
_vFinance
_xDirectories
942 _2lcc
_cFR
999 _c69223
_d69222